000 00357nam a2200145Ia 4500
008 230711s9999||||xx |||||||||||||| ||und||
041 _aENG
082 _a621
_bAR-G
100 _aARCO(Martinson)
245 0 _aGRE CAT the master
250 _a1st Ed.
260 _c2003
_aNew Delhi
_bThomson Brook
650 _aLibrary and Information Science
942 _cBK
999 _c4108
_d4108